00000000cam 2200000zi 4500
0019.963125
003CaOODSP
00520260601171419
006m     o  d f      
007cr |n|||||||||
008260527t20162016oncabdo ob   f000 0 eng d
040 |aCaOODSP|beng|erda|cCaOODSP
043 |an-cn-qu
0861 |aM183-2/7993E-PDF
24500|aMultidisciplinary environmental science investigations surrounding the former Aldermac mine, Abitibi, Quebec : |bthe Lac Dasserat study workshop summarized / |cS. Alpay, editor.
264 1|a[Ottawa] : |bGeological Survey of Canada, |c2016.
264 4|c©2016
300 |a1 online resource (xiii, 106 pages) : |bmaps, figures, colour photographs, charts.
336 |atext|btxt|2rdacontent
337 |acomputer|bc|2rdamedia
338 |aonline resource|bcr|2rdacarrier
4901 |aOpen file ; |v7993
504 |aIncludes bibliographical references (pages 94-99).
650 0|aMineral industries|xEnvironmental aspects|zQuébec (Province)|zAbitibi.
650 6|aMines|xIndustrie|xAspect de l'environnement|zQuébec (Province)|zAbitibi.
7001 |aAlpay, S., |eeditor.
7102 |aGeological Survey of Canada, |eissuing body.
830#0|aOpen file (Geological Survey of Canada)|v7993.|w(CaOODSP)9.506878
85640|qPDF|s501 MB|uhttps://publications.gc.ca/collections/collection_2026/rncan-nrcan/m183-2/M183-2-7993-eng.pdf
8564 |qHTML|sN/A|uhttps://doi.org/10.4095/297747